000 00818nam a22002057a 4500
005 20100813144215.0
010 _aENG-100362
020 _c1000.00
035 _aEN-83894
037 _bDBAD/PUB
082 _a005.71262
100 _aKhedkar, Amit
_912749
245 _aJava business component developer :
_bstudent manual /
_cby Amit Khedkar
260 _aPune
_bAvani Publications
_c2008
270 _aFlat No.2, Ground Floor, Radhakrihna Apts., Prabhat Road, Lane No. 10, Erandawana
_bPune
_e411004
300 _a159,36p.:
_bill.
_c28cm (pbk)
650 _aJava (Computer program language)-Examinations
_912750
942 _2ddc
_cEN
_h005.71262
_mKHE
999 _c41656
_d41656